000
00284 a2200109 4500
001
ART_49236
005
20260410161631.0
008
260409a
245
1
0
_a
Ajuste por inflación
100
1
_a
Zgaib, Alfredo O.
773
0
_t
Enfoques
_g
- N°6 (jun. 2019)
_w
REV416
999
_c
12474
_d
12474